000 01049aaa a2200229 a 4500
001 78846
003 BD-RjUL
005 20211209083159.0
008 211121s1963 le b|a|| |||| 00| 0cara d
035 _a(BD-RjUL)79073
040 _aBD-RjUL
_beng
_cBD-RjUL
041 _aara
082 _223
_a297.092
_bZUD 1963
100 _aجومرد، عبد الجبار.:; Zumard, Abdul-Jabbar
_9250297
245 _aداهية العرب ابو جعفر المنصور : مؤسس دولة بني العباس :;Dāhiyat al-ʻArab Abū Jaʻfar al-Manṣūr : muʼassas dawlat Banī al-ʻAbbās /
_cعبد الجبار الجومرد ;; ʻAbd al-Jabbār Jūmard
260 _a Bayrūt : Dār al-Ṭalīʻah, [1963]
_b. دار الطليعة
_c1963
300 _a462 p. :
_bill. ; map , ;
_c24
490 _aA study of the life and times of the Abbasid Caliph Manṣūr.
600 _aManṣūr, Abū Jaʻfar
_d712-775.
_x Caliph, -- approximately
_9250300
830 _aA study of the life and times of the Abbasid Caliph Manṣūr.
_9250301
942 _2ddc
_cBK
999 _c78846
_d78846